The MBR book: principles and aplications of membrane bioreactors in water and wastewater treatment
Guardat en:
| Autor principal: | |
|---|---|
| Format: | Llibre |
| Idioma: | espanyol |
| Publicat: |
Amsterdam
Elsevier
2006
|
| Edició: | 1a. ed |
| Matèries: | |
| Etiquetes: |
Afegir etiqueta
Sense etiquetes, Sigues el primer a etiquetar aquest registre!
|
MARC
| LEADER | 00000nam a2200000 a 4500 | ||
|---|---|---|---|
| 001 | UCI3925 | ||
| 003 | CL-VaPUC | ||
| 008 | 071207e20060000NE |||||||||||||||||spa|d | ||
| 020 | |a 9781856174817 | ||
| 082 | 0 | 4 | |a 628.162 |b JUD |2 21 |
| 100 | 0 | |a Judd, Simon |e author |9 525500 | |
| 245 | 1 | 4 | |a The MBR book: principles and aplications of membrane bioreactors in water and wastewater treatment |
| 250 | |a 1a. ed | ||
| 300 | |a 325 p | ||
| 942 | |c BK | ||
| 945 | |d 20071207 00:00:00 |a rbrito | ||
| 260 | |a Amsterdam |b Elsevier |c 2006 | ||
| 650 | 7 | |a MEMBRANAS BIORREACTORAS |2 CL-VaPUC |9 525501 | |
| 650 | 0 | |a Tratamiento del agua |9 262889 | |
| 650 | 0 | |a Anaerobiosis |9 380072 | |
| 650 | 0 | |a Purificación del agua |9 324890 | |
| 650 | 0 | |a Tecnología sanitaria |9 262722 | |
| 650 | 7 | |a SEPARACION QUIMICA |2 CL-VaPUC |9 342424 | |
| 650 | 7 | |a BOMBAS DE AGUA |2 CL-VaPUC |9 525502 | |
| 583 | |a last modification |c 20071207 00:00:00 |k Rodrigo Vera | ||
| 999 | |c 327956 |d 327954 | ||
| 952 | |0 0 |1 0 |4 0 |6 628_162000000000000_JUD_2006 |7 0 |8 A |9 411528 |a BIBING |b BIBING |d 2019-11-22 |i 4394631 |o 628.162 JUD 2006 |p 4394631 |r 2025-01-20 |w 2019-11-22 |y BK |k EIB | ||